000 00380nam a2200157Ia 4500
008 210210b1938 xxu||||| |||| 00| 0 eng d
041 _aeng
082 _a825/859
100 _aTILLOSTSON (G)
245 _aMiltonic setting
260 _aCambridge
_bAt the University Press
_c1938
650 _asetting
650 _aMiltonic
690 _aEnglish Criticism
906 _a015174
999 _c134492
_d134492